000 01007cad a22002175a 4500
001 E150241
008 100616s2010 xxkd f s 000 0 eng d
035 _a(Sirsi) u150241
041 0 _aeng
050 0 4 _a630.09411 $2 18
110 2 _aScottish Government Rural and Environment Research and Analysis Directorate
_95553
245 0 0 _aAgriculture facts and figures 2010
_h[electronic resource]
260 _aEdinburgh
_bScottish Government
_c2010
520 _aA digest of statistical data relating to Scottish agriculture. Includes information on various farming sectors (sheep, beef, dairy, arable), as well as general figures for output and incomes, employment data and payment scheme expenditure.
521 _aIntroductory
590 _aKA
651 4 _aScotland
_y1999-
690 _aENVIRONMENTAL AND LAND CONSULTANCY-AGRIBUSINESS-AGRICULTURE
856 4 0 _uhttps://www.scotland.gov.uk/Publications/2010/06/09152711/0
_zView the statistics free of charge at www.scotland.gov.uk...
942 _n0
999 _c110804
_d110804